Statistics for World Cup 2022 XIs - Portugal vs Switzerland

Click here to take the quiz!

General Stats

  • This quiz has been taken 12 times
  • The average score is 12 of 22

Answer Stats

PositionPlayer% Correct
CMBernardo Silva
100%
CBRúben Dias
100%
CBPepe
88%
GKYann Sommer
88%
RWBruno Fernandes
75%
RMEdimilson Fernandes
75%
STGonçalo Ramos
75%
GKDiogo Costa
63%
RBDiogo Dalot
63%
LWJoão Félix
63%
CBManuel Akanji
63%
STBreel Embolo
50%
CDMGranit Xhaka
50%
LBRaphaël Guerreiro
50%
CMWilliam Carvalho
50%
STXherdan Shaqiri
50%
LMRemo Freuler
25%
CBFabian Schär
13%
CMOtávio
13%
CMRuben Vargas
13%
CMDjibril Sow
0%
CBRicardo Rodriguez
0%

Score Distribution

Percentile by Number Answered

Percent of People with Each Score

Your Score History

You have not taken this quiz